Հոգու հայելի : (Record no. 521967)
[ view plain ]
| 000 -LEADER | |
|---|---|
| fixed length control field | 01200nam a2200277 a 4500 |
| 003 - CONTROL NUMBER IDENTIFIER | |
| control field | AM-YEHGA |
| 001 - CONTROL NUMBER | |
| control field | 1284247 |
| 005 - DATE AND TIME OF LATEST TRANSACTION | |
| control field | 20250618080032.0 |
| 008 - FIXED-LENGTH DATA ELEMENTS--GENERAL INFORMATION | |
| fixed length control field | 171211s2017 ai ||||fr|||| 00||0|arm|| |
| 020 ## - INTERNATIONAL STANDARD BOOK NUMBER | |
| International Standard Book Number | 9789939863740 |
| 040 ## - CATALOGING SOURCE | |
| Original cataloging agency | AM-YeHGA |
| 041 0# - LANGUAGE CODE | |
| Language code of text/sound track or separate title | arm |
| 090 ## - LOCALLY ASSIGNED LC-TYPE CALL NUMBER (OCLC); LOCAL CALL NUMBER (RLIN) | |
| -- | 525556 |
| 100 1# - MAIN ENTRY--PERSONAL NAME | |
| Personal name | Գասպարյան, Դավիթ Վազգենի, |
| Dates associated with a name | 1947- |
| 9 (RLIN) | 1501 |
| 245 10 - TITLE STATEMENT | |
| Title | Հոգու հայելի : |
| Remainder of title | [Մենագրություն] / |
| Statement of responsibility, etc. | Դ. Գասպարյան ; Խմբագիր՝ Ա. Ավանեսյան ; [Սրբագրիչ՝ Ա. Դավթյան]. |
| 260 ## - PUBLICATION, DISTRIBUTION, ETC. | |
| Place of publication, distribution, etc. | Երևան : |
| Name of publisher, distributor, etc. | «Արմավ» հրատարակչություն, |
| Date of publication, distribution, etc. | 2017. |
| 300 ## - PHYSICAL DESCRIPTION | |
| Extent | 236 էջ ; |
| Dimensions | 17 սմ. |
| 490 1# - SERIES STATEMENT | |
| Series statement | «XXI դար: Հայ գրողներ» մատենաշար |
| 600 14 - SUBJECT ADDED ENTRY--PERSONAL NAME | |
| Personal name | Մանուկյան, Խաչիկ Վաչագանի, |
| Dates associated with a name | 1964- |
| 9 (RLIN) | 4135 |
| 650 14 - SUBJECT ADDED ENTRY--TOPICAL TERM | |
| Topical term or geographic name entry element | Հայ պոեզիա |
| 650 14 - SUBJECT ADDED ENTRY--TOPICAL TERM | |
| Topical term or geographic name entry element | Հայ գրականություն |
| General subdivision | Պատմություն և քննադատություն |
| 9 (RLIN) | 5493 |
| 700 1# - ADDED ENTRY--PERSONAL NAME | |
| Personal name | Ավանեսյան, Արմեն |
| Relator term | խմբագիր |
| Relationship | edt |
| 9 (RLIN) | 8844 |
| 700 1# - ADDED ENTRY--PERSONAL NAME | |
| Personal name | Դավթյան, Անահիտ |
| Relator term | սրբագրիչ |
| Relationship | crr |
| 830 #0 - SERIES ADDED ENTRY--UNIFORM TITLE | |
| Uniform title | «XXI դար: Հայ գրողներ» մատենաշար |
| 942 ## - ADDED ENTRY ELEMENTS (KOHA) | |
| Source of classification or shelving scheme | Universal Decimal Classification |
| Koha item type | Գրքեր / Books |
| Withdrawn status | Lost status | Source of classification or shelving scheme | Damaged status | Not for loan | Collection | Home library | Current library | Date acquired | Total checkouts | Full call number | Barcode | Date last seen | Price effective from | Koha item type | Public note |
|---|---|---|---|---|---|---|---|---|---|---|---|---|---|---|---|
| Universal Decimal Classification | General | Fundamental Scientific Library | Fundamental Scientific Library | 13/12/2021 | AI/21566 | FL0666161 | 13/12/2021 | 13/12/2021 | Գրքեր / Books | 30 Days Loan | |||||
| Universal Decimal Classification | General | Fundamental Scientific Library | Fundamental Scientific Library | 13/12/2021 | AI/21567 | FL0666162 | 13/12/2021 | 13/12/2021 | Գրքեր / Books | 30 Days Loan |
ՀՀ Գիտությունների ազգային ակադեմիայի հիմնարար գիտական գրադարան = Fundamental Scientific Library of NAS RA
All site content, except where otherwise noted, is licensed under a